What player runs the most in the NBA - Statistics

General Stats
  • This quiz has been taken 6 times
  • The average score is 6 of 20
Answer Stats
Hint Answer % Correct
6. Lebron James
80%
10. Russell Westbrook
80%
4. Stephen Curry
60%
3. Damian Lillard
40%
9. Giannis Antetokounmpo
40%
12. Klay Thompson
40%
13. Kyle Lowry
40%
17. Paul George
40%
15. Bradley Beal
20%
11. CJ McCollum
20%
1. DeMar DeRozan
20%
18. Draymond Green
20%
2. Harrison Barnes
20%
7. James Harden
20%
8. Jimmy Butler
20%
16. Jrue Holiday
20%
20. Khris Middleton
20%
14. Kentavious Caldwell-Pope
0%
19. Rudy Gobert
0%
5. Tobias Harris
0%
No matching quizzes found
Score Distribution
Percent of People with Each Score
Percentile by Number Answered
Your Score History
You have not taken this quiz